| 000 | 00551nam a2200181Ia 4500 | ||
|---|---|---|---|
| 008 | 151018s9999 xx 000 0 und d | ||
| 082 |
_bRBASDV15044 _a891.433 |
||
| 100 | _aकुश्नचंदर | ||
| 245 | _aगुंगे देवता | ||
| 250 | _b1 | ||
| 260 |
_bहिंद पॉकेट बुक्स _c1978 |
||
| 300 | _a128 | ||
| 600 | _aकुश्नचंदर | ||
| 630 | _aगुंगे देवता | ||
| 700 | _aकुश्नचंदर | ||
| 730 | _aगुंगे देवता | ||
| 942 | _cBOOK | ||
| 999 |
_c1015773 _d1015770 |
||